Statistics for 2022 Stanley Cup Playoff Teams

Click here to take the quiz!

General Stats

  • This quiz has been taken 18 times
  • The average score is 14 of 16

Answer Stats

HintAnswer% Correct
C1Colorado Avalanche
100%
P2Edmonton Oilers
100%
A1Florida Panthers
100%
M2New York Rangers
100%
A3Tampa Bay Lightning
100%
M1Carolina Hurricanes
94%
WC2Washington Capitals
94%
WC1Boston Bruins
88%
WC1Dallas Stars
88%
A2Toronto Maple Leafs
88%
P3Los Angeles Kings
82%
M3Pittsburgh Penguins
82%
C3St. Louis Blues
82%
P1Calgary Flames
76%
WC2Nashville Predators
76%
C2Minnesota Wild
71%

Score Distribution

Percentile by Number Answered

Percent of People with Each Score

Your Score History

You have not taken this quiz